000 00313 a2200121 4500
001 146395
040 _cEscola São Tomás de Aquino
100 _aMCDONALD, Megan
240 1 0 _aJudy Moody e a moeda da sorte
_lpor
245 1 0 _aJudy Moody e a moeda da sorte
697 _a*LITERATURA INFANTO JUVENIL
942 _cBK
999 _c146395
_d146395